000 00461nab a22001457 4500
003 ES-SlBCS
005 20210327224144.0
008 160629s2016 sp ||||| |||| 00| 0 spa d
040 _aES-SlBCS
_bspa
041 _aspa
100 1 _aMccarroll, Pamela R.
_9107026
245 1 0 _aIra y llanto por amor. El sufrimiento y la posibilidad de lo sagrado
_cPamela R. McCarroll
773 0 _gNúm. 366, 2016, págs. 11-24
_tConcilium
_wRev134
_x0210-1041
942 _2lcc
_cAR
999 _c468446
_d468446